000 00477nam a2200193 4500
001 17154
005 20230410130731.0
008 060907n1999 dr spa
020 _a0415199247
035 _9funglode17289
041 _aEN
050 1 4 _aPN 5118 M478n 1999
100 _aMcNair, Brian
245 1 _aNews and journalism in the UK /
_cBrian McNair
250 _a3
260 _aLondon :
_bRoutledge,
_c1999
300 _axvi, 240 p.
942 _2lcc
_cbk
999 _c79435
_d79435